LEADER 01163nam a2200265 4500 001 000000358262 003 CaOOAMICUS 005 20240506123212.0 008 240506s2023 po 000 u por r 020 $a978-972-27-3130-0 040 $aSeMil$bita 100 1 $aCastelo Branco, Camilo,$d<1825-1890>.$0(OLS)http://semarc/name/119662 245 10$aCarlota Ângela /$cCamilo Castelo Branco ; edição de Ângela Correia e Carlota Pimenta. 264 1$aLisboa :$bImprensa Nacional,$c2023. 300 $a226 p. ;$c21 cm 500 $aRiproposti i dati presenti nel frontespizio originale (Vianna, Typographia da Aurora do Lima, 1858) 700 1 $aPimenta, Carlota.$0(OLS)http://semarc/name/119668 700 1 $aCorreia, Ângela.$0(OLS)http://semarc/name/119663 850 $aSeMil 852 $aSeMil$W1$xVenegono$y1$m1W VI 331$j249671$B249377$CSeMilBibl$Z2$F249377 $81 961 $aPerego don Stefano - Omaggio 996 $6020$a978-972-27-3130-0$9(OLS)http://semarc/number/300384 996 $6245$aCarlota Ângela$9(OLS)http://semarc/title/448577 996 $6264$aLisboa :$bImprensa Nacional$9(OLS)http://semarc/publisher/61675 LEADER 01130nam a2200253 i 4500 001 000000206742 003 CaOOAMICUS 005 20111012000000.0 008 111012s1966 it u000 u ita u 013 $a185514 040 $aSeMil$bita 100 1 $aEyck, Erich.$0(OLS)http://semarc/name/44941 240 10$aGeschichte der Weimarer Republik.$0(OLS)http://semarc/title/298951 245 10$aStoria della Repubblica di Weimar :$b1918-1933 /$cErich Eyck. 260 $aTorino :$bGiulio Einaudi,$ccopyr. 1966. 300 $aXX, 825 p. ;$c22 cm. 490 0 $aBiblioteca di cultura storica ;$v88 500 $aContiene : Governi tedeschi dal 1919 al 1931. 650 4$aRepubblica di Weimar <1918-1933> - Costituzioni politiche.$0(OLS)http://semarc/subject/38610 830 0$aBiblioteca di cultura storica ;$v88.$0(OLS)http://semarc/title/365 850 $aSeMil 852 $aSeMil$W1$xVenegono$y1$m3U III 189$j157205$B157205$CSeMilBibl$Z2$F168530 $81 996 $6245$aStoria della Repubblica di Weimar :$b1918-1933$9(OLS)http://semarc/title/298950 996 $6260$aTorino :$bGiulio Einaudi$9(OLS)http://semarc/publisher/29810